Evidence
محفوظ في:
| المؤلف الرئيسي: | |
|---|---|
| التنسيق: | كتاب |
| اللغة: | الإنجليزية |
| منشور في: |
New York, United States of America
Oxford University Press
2006
|
| الموضوعات: | |
| الوسوم: |
إضافة وسم
لا توجد وسوم, كن أول من يضع وسما على هذه التسجيلة!
|
MARC
| LEADER | 00000nam a22000007a 4500 | ||
|---|---|---|---|
| 003 | CL-VaPUC | ||
| 005 | 20210511001359.0 | ||
| 008 | 200403b ||||| |||| 00| 0 eng d | ||
| 999 | |c 423243 |d 423241 | ||
| 020 | |a 9780198763987 | ||
| 040 | |c Pontificia Universidad Católica de Valparaíso | ||
| 082 | 0 | 4 | |2 21 |a 347.4206 CHO 2006 |
| 100 | 1 | |a Choo, Andrew L-T |9 814335 | |
| 245 | 1 | 0 | |a Evidence |
| 260 | 3 | |a New York, United States of America |b Oxford University Press |c 2006 | |
| 300 | |a 436 páginas | ||
| 583 | |c 20200403 |k Daniel Castañeda | ||
| 650 | 1 | |a DERECHO PENAL |9 11 | |
| 650 | 1 | |a EVIDENCIA |9 503641 |z INGLATERRA | |
| 650 | 1 | 0 | |a Procedimiento penal |9 254974 |
| 942 | |2 ddc |c BK | ||
| 952 | |0 0 |1 0 |2 ddc |4 0 |6 347_420600000000000_CHO_2006 |7 0 |8 A |9 562298 |a BIBDER |b BIBDER |d 2020-04-03 |i 5619041 |o 347.4206 CHO 2006 |p 5619041 |r 2023-01-25 |t 1 |w 2020-04-03 |y BK |k DER | ||